| 000 | 00359nam a2200109Ia 4500 | ||
|---|---|---|---|
| 008 | 171204s9999 xx 000 0 und d | ||
| 245 | _aTransactions on Data Hiding and Multimedia Security X: (Lecture Notes in Computer Science) | ||
| 245 | _cYun Q. Shi | ||
| 260 | _c2015 | ||
| 650 | _xMultimedia System | ||
| 856 | _uhttp://down.ebook777.com/049/3662467380.pdf | ||
| 999 |
_c345898 _d345898 |
||